00333nam a22001337a 4500020001800000082001400018100002200032245003800054250001200092260002700104300001700131650003000148700002100178 a9788126527311 a519.6 CHO aEdwin K. P. Chong aAn introduction to optimization,  a2nd ed. aNew DelhibWileyc2013 a476p.bill.: aMathematical optimization aStanislaw H. Zak